[Event "Mtel Masters"]
[Site "Sofia BUL"]
[Date "2005.05.21"]
[Round "9"]
[White "Topalov, Veselin"]
[Black "Ponomariov, Ruslan"]
[Result "1-0"]
[WhiteElo "2778"]
[BlackElo "2695"]
[Annotator "Martin, A"]
[PlyCount "59"]
[EventDate "2005.05.12"]
[EventRounds "10"]
[EventCategory "20"]
[Source "EDAMI"]
[SourceDate "2006.12.20"]

1. d4 {Topalov suele jugar indistintamente 1.d4 y 1.e4 aunque esta última se
presenta con mayor frecuencia en sus partidas. Sin embargo con la popularidad
que están alcanzando entre la élite las defensas Petrov y Berlinesa, las
blancas suelen encontrar dificultades para lograr ventaja en la apertura. Esto
mismo le pasó en Sofia a Veselin, pues en sus dos primeras paridas con blancas
jugó 1.e4 y solo pudo conseguir dos tablas. Luego vino la brillante victoria
que ya hemos visto, frente a Anand, con 1.d4 tras lo cual volvió a 1.e4 frente
a Polgar, con unas nuevas tablas. Por ello, la elección de su primera jugada
no pudo ser una sorpresa.} Nf6 2. c4 e6 3. Nf3 b6 ({En el torneo Corus de este
año, frente a Van Wely, Ponomariov prefirió pasar al Gambito de Dama con} 3...
d5 {En esta ocasión opta por la India de Dama, como hizo Anand en la partida
que hemos mencionado, correspondiente a la ronda 6, jugando un esquema my
similar.}) 4. g3 Ba6 5. b3 Bb4+ 6. Bd2 Be7 7. Nc3 O-O ({
Anand jugó inmediatamente} 7... c6) 8. Rc1 {Topalov ha empleado con frecuencia
esta jugada aunque son más populares als alternativas} (8. Bg2 {y 8.e4. Incluso
con 8.Qc2 podía intentar trasponer a la mencionada partida con Anand.}) 8... c6
({En el torneo Corus de este año. Judit Polgar, contra el propio Topalov, jugó
directamente} 8... d5) 9. e4 d5 10. e5 ({Una interesante novedad, que sin duda
Topalov ya tenía preparada. El año pasado, en Mónaco, había jugado contra
Gelfand la más habitual} 10. Bd3) 10... Ne4 11. Bd3 Nxc3 12. Rxc3 $5 {
Aunque puede parecer más natural tomar con el alfil, esta jugada demuestra que
Topalov ya había previsto el ataque que pronto seguirá, para lo cual elalfil
debe mantenerse en la diagonal que controla g5.} c5 13. dxc5 bxc5 ({
Una posibilidad interesante para oponerse a las intenciones de las blancas era
} 13... d4 14. Rc1 Bb7 {pues si} 15. cxb6 Qxb6 {
las blancas ya no podrían seguir con} 16. O-O $2 {debido a} Qc6 17. Kg2 (17.
Be2 d3) 17... f6 {y la clavada sobre el caballo resulta mortal.}) 14. h4 $1 {
En esto se basa la idea de las blancas. Aprovechando que todavía no han
enrocado, plantean la amenaza del sacrificio del alfil en h7 con 15.Bxh7+ Kxh7
16.Ng5+ Bxg5 17.hxg5+ con un ataque muy peligroso.} h6 15. Bb1 $1 {La clave. Ah
ora que las negras se han debilitado con ...h6 la amenaza Qc2 resulta mucho
más fuerte.} f5 ({Después de esto no resulta fácil oponerse al ataque de las
blancas.Después de la partida Topalov señaló como más precisa} 15... Nd7 {
para defender con el caballo el flanco de rey. Sin embargo, contra esta jugada
Fritz sugiere} 16. Bxh6 {
manteniendo la ventaja blanca pues el alfi no puede capturarse, ya que} gxh6
17. Qc2 f5 18. exf6 Rxf6 19. Qh7+ Kf8 {se refuta brillantemente con} 20. Ng5
hxg5 21. hxg5) 16. exf6 Bxf6 17. Qc2 d4 ({Creo que las negras ya no tenían
defensa satisfactoria, aunque la jugada de la partida es el mejor intento de
crear problemas a las blancas. Tras una jugada como} 17... Nc6 {
las blancas, entre otras, podrían optar por una continuación sencilla como} 18.
Re3 {atacando sin riesgos.}) 18. Ng5 $3 {Una brillante jugada que abre nuevas
vías de ataque. Probablemente las blancas disponían de buenas alternativas,
pero la elección de Topalov es la más fuerte y gana de forma forzada.} hxg5 ({
Desde luego} 18... Re8 19. Rf3 {no es aceptable.}) ({y} 18... Bxg5 19. Qh7+ Kf7
20. Bxg5 {seguido de 21.Rf3+ es incluso peor.}) 19. hxg5 dxc3 {Las negras
n de tomar todo el material que puedan, pues pronto tendrán que devolver mucho.
En todo caso,no hay nada mejor.} 20. Bf4 ({
Topalov sigue jugando con gran energía. Aquí podía ganar material con} 20. Rh8+
Kf7 21. Qg6+ Ke7 22. gxf6+ gxf6 23. Rh7+ Kd6 24. Bf4+ Kc6 (24... e5 25. Bxe5+)
25. Be4+ Kb6 26. Bc7+ Qxc7 27. Rxc7 Kxc7 28. Bxa8 {
que debe ser ganador. Pero tras} Rd8 {las negras todaía podrían ofrecer alguna
resistencia, con torre y caballo por la dama, además del peón c3 avanzado. Por
ello las blancas prefieren mantener las amenazas sobre el rey, quitando la
casilla de escape en d6 y amenazando 21.Rh8+}) 20... Kf7 ({
Tampoco es suficiente} 20... Bd4 {por} 21. Qg6 {y la amenaza Rh8+ es decisiva.}
) 21. Qg6+ Ke7 22. gxf6+ Rxf6 23. Qxg7+ Rf7 24. Bg5+ Kd6 25. Qxf7 Qxg5 26. Rh7
{Tras una secuencia bastante forzada las blancas han calculado que los jaques
en d2 o c1 no dan nada a las negras y plantean la mortal amenaza de mate en c7.
} Qe5+ ({Claro está que una retirada pasiva como} 26... Qd8 {
no ofrecía la menor esperanza. Entre otras las blancas pueden seguir con} 27.
Be4) 27. Kf1 Kc6 28. Qe8+ ({
Una pequeña trampa. Si ahora las blancas jugasen la tentadora} 28. Be4+ {
basándose que el alfil no puede tomarse po el mate en c7, las negrasrespondería
n} Kb6 $1 {y si} 29. Bxa8 $2 c2 30. Qxa7+ Ka5 {
y la partda ha dado un vuelco. Pero Topalov está atento.}) 28... Kb6 29. Qd8+
Kc6 30. Be4+ {Ahora sí. El alfil debe capturarse y las blancas dan mate. Las
negras se rindieron} 1-0

[Event "Bosnia"]
[Site "Sarajevo"]
[Date "2005.05.19"]
[Round "1"]
[White "Shirov, Alexei"]
[Black "Movsesian, Sergei"]
[Result "1-0"]
[WhiteElo "2714"]
[BlackElo "2628"]
[Annotator "Shirov, A"]
[PlyCount "79"]
[EventDate "2005.??.??"]
[EventCountry "BIH"]
[Source "EDAMI"]
[SourceDate "2006.12.20"]

1. e4 c5 2. Nf3 Nc6 3. d4 cxd4 4. Nxd4 Qc7 5. Nc3 e6 6. Be3 $5 {Desviandome de
mi usual 6.Be2 aunque en el 2002 había empleado la jugada de la partida
también.} a6 7. Qd2 Nf6 8. O-O-O b5 $5 {Nada nuevo bajo el sol. Mi oponente
solía emplear esta variante con frecuencia, pero no en los últimos dos años,
por lo que no le presté mucha atención durante mi preparación. Tampoco
conseguí recordar mucha teoría durante la partida.} 9. Bf4 {
De acuerdo, hasta aquí todo es normal} Qb6 10. Nxc6 $5 {Esta idea se me
ocurrió durante la partida. Se había jugado 9.Nxc6 Qxc6 10.f3 pero entonces
las negras normalmente jugarían 10...d6 seguido de 11...Nd7, por lo que mi
idea era evitar esta posibilidad. La teoría considera 10.Nb3 como la opción
principal.} dxc6 ({Movsesian rechaza} 10... Qxc6 {por} 11. f3 {y las negras no
tendrían 11...d6, por lo que no sería facil desarrollar. La jugada del texto
devuleve la partida a la teoría aunque yo desconocia esto durante la partida.})
11. e5 $6 $146 {Novedad, pero definitivamente no fue "bien preparado".
Cualquier otra jugada parecería más lógica.} Nd5 12. Ne4 {# (diagrama) Esta
era la idea detrás de 11.e5 - luchar por las casillas negras. Sin embargo, se
me escapó un importante recurso que Movsesian ve immediatamente.} Ra7 $1 {
Tras la centralización de la torre, las negras no deben tener ningún problema.}
13. h4 $6 {Continuando con el enfoque agresivo que al final me reportó un
éxito desmerecido en la partida. Era la hora de pensar en desarrollar
correctamente las piezas blancas, por ejemplo} (13. Bg3 Rd7 14. Be2 $5 $13)
13... Rd7 14. Bg3 c5 $1 15. h5 h6 16. Rh4 $6 {Es dificil explicar a donde va
la torre pero en cualquier caso era absolutamente necesario cambiar el orden
de las jugadas, por ejemplo} (16. Nd6+ Bxd6 17. exd6 O-O 18. Rh4 $13) ({
Una serie alternativa al "avance de la torre" sería} 16. Be2 c4 17. Qe1 $5 $13
{sin forzar la situación aún}) 16... c4 $6 {
Ahora al menos las blancas puede seguir su plan mientras que} (16... Be7 $1 {
sería una ducha fría para mi, ya que me había olvidado completamente que tras}
17. Rg4 (17. Nd6+ Rxd6 18. exd6 Bxh4 19. Bxh4 Qxd6 $17 20. g4 $140 O-O 21. g5
$5 Qh2 $1 22. Bg3 Qxh5 23. gxh6 Qxh6 24. Qxh6 gxh6 25. Bd6 Re8 26. Bxc5 Bb7 $17
) {las negras tendrían} 17... Nf6 $1 {
obligándome a luchar por la dificil supervivencia tras} 18. Nxf6+ (18. exf6
Rxd2 19. Rxd2 gxf6 $17) (18. Nd6+ Bxd6 19. exf6 Bxg3 20. fxg7 Rg8 21. Qxh6
Rxd1+ 22. Kxd1 Be5 23. Qh7 Qd8+ 24. Ke1 Ke7 25. h6 f5 26. Rh4 Bxb2 27. Rh3 Bb7
$17) 18... gxf6 19. Qe1 Rxd1+ 20. Qxd1 f5 21. Rh4 $1 $15 {utilizando el hecho
de que puede ser peligroso para las negras dar su alfil por la torre blanca.})
17. Nd6+ Bxd6 18. exd6 O-O {# (diagrama)} 19. Rg4 $1 {?Qué si no?} f5 {
La reacción correcta, ya que} (19... Nf6 $2 {se refutaría con} 20. Rxg7+ $1
Kxg7 21. Be5 {con ventaja para las blancas}) 20. Qxh6 fxg4 $6 {Pero la captura
de la torre es dudoso en mi opinión ya que ahora las blancas siempre tendrán
una tarea más facil que su oponente, encontrando el camino en las
complicaciones. Mientras tanto} (20... Rdf7 $1 {hubiera creado serios
problemas prácticos. Tras analizar la posición con Fritz puedo asegurar que
las blancas no están pero, ?encontraría todas las mejores jugadas? Sólo
recuerdo que iba a jugar} 21. Rg6 ({mientras que} 21. Rg5 $5 {ni siquiera pasó
por mi cabeza. Sería una continuación razonable, ya que la variante loca} f4
22. Bh4 Qa5 23. a3 b4 24. Bxc4 bxa3 25. Bd3 $1 axb2+ 26. Kxb2 {# (diagrama)}
Rb7+ 27. Kc1 Qa3+ 28. Kd2 Qb4+ 29. Ke2 f3+ 30. Kf1 Qxh4 31. Qh7+ Kf7 32. Qg6+ (
32. Qxg7+ $2 Ke8 33. Bg6+ Rbf7 $17) 32... Kg8 $11 {parece terminar en tablas.
OK, vamos a volver a 21.Rg6 que es la que iba a jugar:}) 21... f4 22. Bh4 $1 (
22. d7 Bxd7 23. Rxd5 Qa5 $1 $17) 22... Qxd6 23. a3 $1 ({Dudo que hubiera
encontrado esa jugada precisa sobre el tablero pero debo decir que de otras
forma las negras tendrían un ataque irresistible, por ejemplo} 23. Qg5 $2 c3
24. a3 b4 $1 $17) 23... Qc7 24. Qg5 $1 (24. Be2 b4 $1 $17) 24... c3 $1 25. b4
$1 a5 $1 26. Rh6 $5 ({otra jugada típicamente de ordenador, aunque a uno se le
podría ocurrir si se llegara a esta posición. Aún así, la línea} 26. h6 axb4
27. hxg7 Rxg7 28. axb4 Rxg6 29. Qxg6+ Qg7 $13 {parece más humana}) 26... Ne7 $1
(26... Rf6 27. Rxf6 Rxf6 28. Qg4 $1 $36) 27. Bd3 e5 28. Bh7+ Kh8 {(diagrama)
esta increíble posición ni la computadora ni yo podemos ver más que tablas
tras} 29. Be4+ (29. Bg6+ gxh6 30. Qxh6+ Kg8 31. Bxf7+ Kxf7 $13) 29... Kg8 (
29... gxh6 $2 30. Qxh6+ Kg8 31. Bf6 $18) 30. Bh7+ $11) 21. Qxe6+ Rdf7 22. Qxd5
$14 Qd8 $5 {Me puse muy contento cuando Sergei hizo este movimiento porque
estaba preocupado por} (22... Bf5 {
. Sin embargo los análisis demuestran que las blancas están mejor despues de}
23. Re1 $14 Qa5 $140 $6 24. Re5 c3 25. Bc4 $1 $16 {y también}) (22... Re8 {
era dudosa en vista de} 23. h6 $1 $14 ({no} 23. b3 $6 Be6 $13)) {
, por lo que tal vez la jugada de dama no era tan mala después de todo.} 23. b3
$1 Qf6 $1 {Black está justo a tiempo para evitar la centralización de las
blancas, que sería fuerte después de} (23... Bb7 24. Qd4 Qg5+ 25. Kb2 cxb3 26.
axb3 Qxh5 27. Be2 $18) 24. bxc4 $1 {
El intento principal ya que el final después de} (24. Qd4 $6 Qxd4 25. Rxd4 Rxf2
26. Bxf2 Rxf2 {sería facilmente entablable para las negras, por ejemplo} 27.
Bxc4+ bxc4 28. d7 Bxd7 29. Rxd7 c3 $5 (29... cxb3 30. axb3 Rxg2 $13) 30. Rd3
Rf1+ 31. Rd1 Rf2 32. Rd3 $11) ({
Sin embargo, también era posible elegir la continuación tranquila} 24. Kb1 Be6
25. Qd2 $5 $14) 24... Qa1+ 25. Kd2 Qxa2 26. Bd3 $1 {# (diagrama)} Qa5+ $6 {
De acuerdo a mis análisis esta jugada debería ser considerada la jugada
decisiva. Se podía evitar que el rey blanco se escapara al flanco de rey por
medio de} (26... Re8 $1 {
y sólo la maquina se atrevería a asegurar la ventaja de las blancas después de}
27. Be5 $1 (27. Bg6 Qa5+ 28. Kc1 Qa1+ $11 {sería el final de la partida
'humana' teniendo en cuenta el apuro de tiempo que se aproximaba}) 27... Be6
28. Qd4 $1 bxc4 (28... Qa5+ 29. Kc1 bxc4 30. Bg6 $14) 29. Bg6 Ref8 30. Bxf7+
Rxf7 31. Re1 $5 $14) 27. Ke2 $1 ({No draws after} 27. Kc1 Qa1+ 28. Kd2 Qa5+ $11
{, !por supuesto!}) 27... Bb7 28. Qe6 $1 Bxg2 29. h6 $3 $16 {
De repente el rey negro está en serio peligro!} Bf3+ $2 {El error final.
Durante la partida no vi una manera clara de ganar tras la jugada única} (29...
Qd8 {pero parece que} 30. Kd2 $1 ({mi intención} 30. Bg6 Bf3+ 31. Kf1 Bxd1 32.
Bxf7+ Rxf7 33. h7+ Kxh7 34. Qxf7 {
me reportaría de hecho sólo una pequeña ventaka tras} Bf3 $1 35. Qf5+ Kh8 36.
Be5 Bc6 $1 37. Qxg4 Qd7 38. Qg3 $5 $14) 30... Qg5+ (30... Qa5+ 31. c3 b4 32.
hxg7 bxc3+ 33. Ke2 Bf3+ 34. Kf1 Qh5 35. gxf8=Q+ Kxf8 36. Ke1 $18) 31. Kc3 $1 (
31. Ke1 $5 Bc6 32. Bg6 Qf6 33. h7+ Kh8 34. Bxf7 Qxf7 35. Qxf7 Rxf7 36. Kd2 $16
{también es posible}) {sería suficiente para asegurar que las blancas están
claramente mejor. La línea principal sigue} 31... b4+ 32. Kb2 Bc6 33. Bg6 Qf6+
34. Qxf6 Rxf6 35. h7+ Kh8 36. Bd3 a5 37. c3 $1 $16 {. Es interesante comprobar
que las blancas, aunque en principio están atacando el rey enemigo, siempre
tienen la opción de elegir el final para aprovechar la fuerza de sus alfiles y
peones pasados.}) 30. Kf1 bxc4 {(diagrama)} 31. Bg6 $1 $18 {El golpe final.
Las blancas controlan la casilla h5, se despreocupa de su torre y se prepara
para dar mate con su dama y dos alfiles.} Bxd1 32. hxg7 Kxg7 33. Bxf7 Bxc2 (
33... Rxf7 34. Be5+ $18) 34. Be5+ Kh7 35. Qe7 $6 {Un fallo serio que
afortunadamente no influye en el resultado. Ganaba seguro con} (35. Bg6+ Bxg6
36. Qe7+ Kh6 (36... Bf7 37. Qh4+ Kg6 38. Qf6+ Kh5 39. Qf5+ Kh6 40. Bf4+ Kg7 41.
Qxa5) 37. Qxf8+ Kh5 38. Qh8+ Kg5 39. Bf6+ Kf5 40. d7 $18 {
pero lo más simple era}) (35. Qf6 $1 $18 {forzando el abandono inmediato})
35... Qd8 {Merde!. Me olvidé completamente de este recurso que afortunadamente
no le salva a las negras ni aquí ni en las variantes como} (35... Bd3+ 36. Kg2
Qd8 (36... Be4+ 37. Kh2 Qd8 (37... g3+ 38. Kxg3 Qa3+ 39. Kh4 $18) 38. Bg8+ Kg6
39. Bh7+ Kh6 40. Bxe4 $18) 37. Bxc4+ Qxe7 38. Bxd3+ Kg8 39. dxe7 Re8 40. Bc4+
$18) 36. Bg8+ $1 {Ok, ahora me veo obligado a hacer otra jugada espectacular
para terminar la partida} Kg6 (36... Kh6 37. Bg7+ $18) 37. Bh7+ Kh5 38. Bxc2
Qxe7 39. dxe7 Re8 40. Bd6 {Las negras abandonan} 1-0

[Event "Bosnia"]
[Site "Sarajevo"]
[Date "2005.05.21"]
[Round "3"]
[White "Predojevic, Borki"]
[Black "Timofeev, Artyom"]
[Result "1-0"]
[WhiteElo "2549"]
[BlackElo "2622"]
[Annotator "Bologan, V"]
[PlyCount "64"]
[EventDate "2005.??.??"]
[EventCountry "BIH"]
[Source "EDAMI"]
[SourceDate "2006.12.20"]

1. e4 c5 2. Nf3 Nc6 3. Nc3 {
Una de las tres maneras distintas para luchar contra la Variante Pelikan.} Nf6
4. Bb5 Qc7 5. O-O Nd4 6. Nxd4 cxd4 7. Nd5 Nxd5 8. exd5 {
Esta línea se ha vuelto muy popular recientemente} Qc5 9. c4 {
! Las blancas provocan la apertura de la posición.} a6 10. b4 {!  me recuerda
a algunas de las jugadas efectuadas por Fischer en su segundo enfrentamiento
frente a Spassky.} Qxb4 11. Ba4 g6 12. Bb3 Bg7 13. a4 {La forma más eficiente
para que el alfil entre en juego. Ahora las negras no tienen tiempo para parar
c4-c5.} d6 14. Ba3 Qa5 15. Re1 Qd8 16. c5 O-O 17. Rc1 Bf6 {Novedad} (17... dxc5
{es mejor, quizás} 18. Bxc5 Re8 19. a5 Bf5 20. Qf3 Qxa5 21. Bxe7 Qxd2 22. d6
$44 {Svidler P 2735 - Van Wely L 2679 , 22. 3.2005 Amber Ciegas}) 18. Qf3 Bg5 (
18... dxc5 {tampoco resuelve los problemas de apertura} 19. Bxc5 Bf5 20. Qf4
Qa5 21. g4 Rac8 22. Ba3 Rxc1 23. Rxc1 $44) 19. Qd3 dxc5 20. Bxc5 Qa5 21. Bxe7
Qxd2 {A primera vista las negras tiene un peón de ventaja e incluso parece que
tiene algundas amenazas pero los últimos progesos de las blancas son demasiado
serios para ignorar.} 22. Rcd1 {También era posible} (22. Qe4 Bf5 23. Bxg5 Qxg5
24. Qxd4 $14) 22... Qxd3 23. Rxd3 Bf5 (23... Re8 24. d6 Bf6 25. Rdd1 Bg7 26.
Rc1 Bf5 27. Rc7 $36) 24. Rxd4 Rfe8 25. d6 Kg7 26. g4 Bd7 27. Kf1 (27. f4 {
era buena también} Bxe7 (27... Bf6 28. Bxf6+ Kxf6 29. Re7 Rxe7 30. g5+ Kf5 31.
dxe7 $18) 28. Rxe7 Bxg4 29. Rxf7+ Kh6 30. d7 $16) 27... f6 28. Bd5 Rab8 29. Rc4
Bd2 30. Rc7 {!  La séptima fila es mucho más interesante que pensar en la
seguridad de la torre.} Bxe1 31. Rxd7 Bb4 {
?  conduce a un final immediato y bonito, pero incluso la mejor} (31... Bc3 $8
32. g5 fxg5 33. Bxg5+ Kh8 34. Rc7 Be5 35. d7 Rf8 36. Rxb7 Rxb7 37. Bxb7 Bc7 38.
Bxa6 $16 {no debe ser suficiente para las tablas}) 32. g5 {!} Rxe7 {y las negra
s perdieron por tiempo. El público se perdió la elegante 33.dxe7 Te8 34.Td8
Txe7 35.Tg8 mate} 1-0

[Event "18th Rapid KO"]
[Site "Leon ESP"]
[Date "2005.06.12"]
[Round "2.1"]
[White "Kasimdzhanov, Rustam"]
[Black "Anand, Viswanathan"]
[Result "1-0"]
[WhiteElo "2670"]
[BlackElo "2785"]
[Annotator "Kasimdzhanov, R"]
[PlyCount "125"]
[EventDate "2005.06.10"]
[Source "EDAMI"]
[SourceDate "2006.12.20"]

1. e4 c5 2. Nf3 d6 3. d4 cxd4 4. Nxd4 Nf6 5. Nc3 a6 6. Be3 e6 7. f3 b5 {
Tuve esta posición en cuatro de mis ocho partidas en León; en tres ocasiones
con las piezas negras.} 8. Qd2 {Shirov me jugó 8.g4, con juego complejo tras 8.
..h6 9.Qd2 b4. Esta variante, popularizada por Topalov, fue la que me llamó la
atención sobre la Najdorf. La jugada del texto también fue empleada contra mi
por Anand en la segunda partida.} Nbd7 9. g4 Nb6 10. a4 Nc4 11. Bxc4 bxc4 12.
a5 Bb7 13. Na4 Rc8 14. Qc3 (14. Nb6 c3 $1 15. bxc3 Rc7 16. O-O Be7 {conduce a u
na posición donde las blancas tienen peón de ventaja y tiene más espacio, pero
donde su rey es más debil, y esto debe ser suficiente para tener compensación.}
) 14... Bxe4 $5 {una elección muy sorprendente; esperaba 14...Nd7, como en
Leko-Kasparov, Linares 2005} 15. fxe4 Nxe4 16. Qb4 Qh4+ (16... d5 17. Qb7) 17.
Kd1 Qxg4+ 18. Kc1 e5 19. Nb6 exd4 20. Rg1 Qe6 {También era interesante} (20...
Qh3 $5 21. Bxd4 d5 22. Qa4+ Kd8 23. Rd1 (23. Nxc8 $6 Qxc8 24. Bb6+ Ke7 25. Rd1
(25. Ra3 Qd7) 25... Ke6 $15) 23... Nc5 (23... Qh6+ 24. Kb1 Qc6 25. Nxc8 Qxa4
26. Rxa4 Kxc8 27. Be3 Bc5 28. Rxd5 Bxe3 29. Rxc4+ $18) 24. Bxc5 Rxc5 25. Nxd5 (
25. Ra3 $5) 25... Bd6 26. Qb4 $13) 21. Nxc8 dxe3 $2 {
un error muy serio. Las cosas no estarían nada claras tras} (21... Qxc8 22.
Bxd4 (22. Qa4+ Kd8 23. Bxd4 d5 24. Bxg7 Qc5) 22... d5 23. Qa4+ Qd7 24. Qxd7+
Kxd7 25. Bxg7 Rg8 26. Bd4 Rxg1+ 27. Bxg1 f5 $44) 22. Qb8 f5 (22... d5 23. Nb6+
Ke7 24. Qb7+ Kd6 25. Qxa6 {también es feo}) 23. Nxd6+ Ke7 24. Qc7+ Kf6 (24...
Qd7 25. Nxf5+ $18) 25. Qd8+ Ke5 26. Nxe4 Kxe4 {muy pintoresco. Me dijeron tras
la partida que muchas personas no podían creer lo que estaban viendo en el
monitor. !El rey negro sería tremendemente fuerte en el final de partida!} 27.
Ra4 $1 Qd5 28. Qe8+ Kf4 29. Rf1+ Kg5 30. Qxe3+ Kg6 31. Qb6+ Kh5 32. Qxa6 {
y las blancas ganaron tras unas jugadas} c3 33. Qe2+ Kg6 34. b3 Bc5 35. Rd1 Qc6
36. Qd3 Be7 37. Rc4 Qg2 38. Qxc3 Qxh2 39. Rc6+ Bf6 40. a6 Ra8 41. Rdd6 Qh4 42.
b4 f4 43. Qd3+ Kh6 44. Qe4 Ra7 45. b5 Qg5 46. Qh1+ Kg6 47. Rd5 Qg4 48. Qe4+ Kh6
49. Qh1+ Kg6 50. Rd1 Qf5 51. Qg1+ Qg5 52. Qxg5+ Kxg5 53. c4 f3 54. Kc2 Be5 55.
Rc8 Kg4 56. Re8 Bf4 57. Rg1+ Bg3 58. b6 Rxa6 59. b7 Rb6 60. b8=Q Rxb8 61. Rxb8
f2 62. Rxg3+ Kxg3 63. Rf8 1-0